000 00627cam a22002053a 4500
001 46030
003 PGUSA
005 20140828084057.0
008 140619s2014||||xxu|||||s|||||000 | eng d
040 _aPGUSA
_beng
042 _adc
100 1 _aHaultain, Arnold,
_d1857-1941
245 1 0 _aOf Walks and Walking Tours :
_bAn Attempt to find a Philosophy and a Creed
_h[electronic resource] /
_cArnold Haultain
260 _bProject Gutenberg,
_c2014
506 _aPublic domain in the USA.
516 _aElectronic text
830 0 _aProject Gutenberg
_v46030
856 4 0 _uhttp://www.gutenberg.org/ebooks/46030
942 _cEB
999 _c275279
_d275279